000 00841nam a22001817a 4500
003 UA-OsUOA
001 16954
007 ta
008 20040204b un ||||| |||| 00| 0 ukr d
100 _aЦимбалюк Є
942 _cSA
040 _aUA-OsUOA
_cUA-OsUOA
_dUA-OsUOA
245 _aЗагадковий спадкоємець
_bВідомий нацист. політик та ідеолог , близький соратник Гітлера Альфред Розенберг мріяв на схилі літ розраджувати душу у замку графів Ходкевичів, розташованому у мальовничому куточку Млинова: [ Про зам
300 _aС.14
955 _a0
773 0 _w0
_tВільне слово
_dРівне
_d2004
_g№5/16 січ./
650 7 _aЗамки
_2UDC
999 _c303122
_d303122